000 00815nas a2200253 4500
001 BR2013006126
003 BR-BrBNA
005 20231205122735.0
007 ta
008 230509b bl.|||p| |||| 00| 00por d
040 _aBR-BrBNA
_bpor
_cBiblioteca Nacional de Agricultura
041 _a(En)
072 _aP33
100 1 _aKummer, L.
100 1 _aMelo, V. de F.
100 1 _aBarros, Y.J.
245 1 _aLead and zinc in the structure of organic and mineral soil components
650 _aQUÍMICA DO SOLO
650 _aÓXIDO DE FERRO
773 0 _tRevista Brasileira de Ciência do Solo (Brazil)
_xISSN 0100-0683
_g(Mar-Apr 2013), v. 37(2) p. 438-449
_wBR2013006126
856 4 0 _uhttp://www.scielo.br/pdf/rbcs/v37n2/a15v37n2.pdf
909 _a202311
_bLúcia
_c55
_dLúcia Elande
942 _2AGRIS
_n0
_cANA
999 _c230286
_d230286